| 000 | 01199nam a2200265Ia 4500 | ||
|---|---|---|---|
| 999 |
_c51393 _d51393 |
||
| 001 | 18378 | ||
| 003 | GE_BSU | ||
| 005 | 20250328173715.0 | ||
| 008 | 181216s2015||||ge |||||||||||||| ||geo|| | ||
| 020 | _a9789941942716 | ||
| 040 | _cGE_BSU | ||
| 041 | _ageo | ||
| 080 | _a341.217(4) მ-70 | ||
| 100 |
_aმირიანაშვილი, გ. _924714 |
||
| 245 |
_aევროპული კავშირის სამართლის ცნობარი / _cგიორგი მირიანაშვილი ; რედაქტორები: ანა ფირცხალაშვილი, მალხაზ ბეგიაშვილი. |
||
| 264 |
_aთბილისი : _bბონა კაუზა, _c2015. |
||
| 300 |
_a183 გვ. _b21 სმ. |
||
| 504 | _a ბიბლიოგრ. : გვ. 179-183. | ||
| 541 | _h30ლ. | ||
| 653 | _aსამართალი | ||
| 653 | _aევროპული კავშირი | ||
| 700 |
_aფირცხალაშვილი, ანა _eრედაქტორი _98126 |
||
| 700 |
_aბეგიაშვილი, მალხაზ _eრედაქტორი _96983 |
||
| 942 |
_cBK _2udc |
||